La Inquisición española / (Record no. 86198)
[ view plain ]
| 000 -LEADER | |
|---|---|
| campo de control de longitud fija | 00700nam a2200229 i 4500 |
| 001 - NÚMERO DE CONTROL | |
| campo de control | 86198 |
| 003 - IDENTIFICADOR DE NÚMERO DE CONTROL | |
| campo de control | ES-MaACL |
| 005 - FECHA Y HORA DE LA ÚLTIMA TRANSACCIÓN | |
| campo de control | 20250804062538.0 |
| 007 - CAMPO FIJO DE DESCRIPCIÓN FÍSICA--INFORMACIÓN GENERAL | |
| campo de control de longitud fija | t| |
| 008 - DATOS DE LONGITUD FIJA--INFORMACIÓN GENERAL | |
| campo de control de longitud fija | 041209s1974 sp ||||1| spa d |
| 100 1# - ENTRADA PRINCIPAL--NOMBRE DE PERSONA | |
| Nombre de persona | Kamen, Henry. |
| 9 (RLIN) | 67471 |
| 245 13 - MENCIÓN DEL TÍTULO | |
| Título | La Inquisición española / |
| Mención de responsabilidad, etc. | Henry Kamen ; [traductor: Enrique de Obregón]. |
| 250 ## - MENCION DE EDICION | |
| Mención de edición | [2ª ed.]. |
| 260 ## - PUBLICACIÓN, DISTRIBUCIÓN, ETC. | |
| Lugar de publicación, distribución, etc. | Madrid : |
| Nombre del editor, distribuidor, etc. | Alianza, |
| Fecha de publicación, distribución, etc. | [1974] |
| 300 ## - DESCRIPCIÓN FÍSICA | |
| Extensión | 342 p. ; |
| Dimensiones | 18 cm. |
| 490 1# - MENCIÓN DE SERIE | |
| Mención de serie | El libro de bolsillo ; |
| Designación de volumen o secuencia | 438 |
| 650 #4 - PUNTO DE ACCESO ADICIONAL DE MATERIA--TÉRMINO DE MATERIA | |
| Término de materia o nombre geográfico como elemento de entrada | Inquisición- |
| Subdivisión geográfica | España- |
| Subdivisión de forma | Historia. |
| 9 (RLIN) | 13799 |
| 700 1# - ENTRADA AGREGADA--NOMBRE PERSONAL | |
| Nombre de persona | Obregón, Enrique de. |
| 9 (RLIN) | 86425 |
| 830 03 - PUNTO DE ACCESO ADICIONAL DE SERIE-TÍTULO UNIFORME | |
| Título uniforme | El libro de bolsillo |
| Designación de volumen o secuencia | 438 |
| 9 (RLIN) | 177802 |
| 852 ## - LOCALIZACIÓN | |
| Ubicación | ES-MaACL |
| Número de control de estantería | E-7197 |
| Sublocalización o colección | R.91249 |
| Estatus retirado | Estado de pérdida | Estado de daño | No para préstamo | Biblioteca de origen | Biblioteca actual | Ubicación en estantería | Fecha de adquisición | Fuente de adquisición | Total de préstamos | Signatura topográfica completa | Código de barras | Visto por última vez | Precio de reemplazo | Tipo de ítem Koha |
|---|---|---|---|---|---|---|---|---|---|---|---|---|---|---|
| Biblioteca del Ateneo de Madrid | Biblioteca del Ateneo de Madrid | Depósito 2 | 17/01/2008 | E-7197 | 1090067 | 23/02/2023 | 23/02/2023 | Libro impreso |
